Hay levadura en las columnas : (Record no. 10246)

000 -CABECERA
fixed length control field 00835nam a22002057a 4500
003 - IDENTIFICADOR DEL NÚMERO DE CONTROL
control field AR-CdUCM
008 - DATOS DE LONGITUD FIJA--INFORMACIÓN GENERAL
fixed length control field 190329b ||||| |||| 00| 0 spa d
040 ## - FUENTE DE LA CATALOGACIÓN
Agencia/entidad que catalogó originalmente la obra MUNICIPALIDAD PROVINCIAL DEL CUSCO
Entidad que transcribió la catalogación BIBLIOTECA MUNICIPAL DEL CUSCO
082 ## - NÚMERO DE LA CLASIFICACIÓN DECIMAL DEWEY
No. de Clasificación 869.33 /
Notacion interna UN56 H / 1960
100 ## - ENTRADA PRINCIPAL--NOMBRE DE PERSONA
Nombre Personal Undurraga, Antonio de,
245 ## - MENCIÓN DE TÍTULO
Título Hay levadura en las columnas :
Resto del título testimonios de poesía convivencial, 1946-1951 /
260 ## - PUBLICACIÓN, DISTRIBUCIÓN, ETC.
Lugar de publicación, distribución, etc. Bogota :
Nombre de la editorial, distribuidor, etc. Eds. de la Revista Caballo de Fuego,
Fecha de publicación, distribución, etc. 1960.
300 ## - DESCRIPCIÓN FÍSICA
Nº de Páginas Extensión 70 paginas ;
Dimensiones 24 cm.
505 ## - NOTA DE CONTENIDO CON FORMATO
Nota de contenido formateada Contenido : Poesía de hoy : poesía convivencional -- Carta aérea a las gaviotas de Chile -- Tengo el habla Fértil -- El nuevo mundo -- Sonata de la peluquería...
650 ## - PUNTO DE ACCESO ADICIONAL DE MATERIA--TÉRMINO DE MATERIA
Descriptor Poesía
9 (RLIN) 444
650 ## - PUNTO DE ACCESO ADICIONAL DE MATERIA--TÉRMINO DE MATERIA
Descriptor Literata Chilena
9 (RLIN) 26983
650 ## - PUNTO DE ACCESO ADICIONAL DE MATERIA--TÉRMINO DE MATERIA
Descriptor Siglo XX
9 (RLIN) 8
942 ## - ELEMENTOS DE PUNTO DE ACCESO ADICIONAL (KOHA)
Fuente de clasificación
Tipo de item Libros-BMC
945 ## - PROCESAMIENTO DE INFORMACIÓN LOCAL (OCLC)
Catalogador wnts
Holdings
Estado de retiro (separado) Fuente de clasificación o esquema de estanterías Estado dañado Ubicación Sala donde se ubica Nombre de la colección Fecha de adquisición o compra Costo, precio normal en soles Signatura topográfica Código de Barras Última vez visto (Koha) Tipo de ítem (Koha)
No     Sala Cusco Antiguo Sala Cusco Antiguo Book Cart 2019-03-29 50.00 869.33 / UN56 H / 1960 SCA0000672 2019-03-29 Libros-BMC

Powered by Koha